000 00345 a2200133 4500
000 nam a22 7a 4500
100 _aParmar, Manisha
110 _aParmar, Manisha
245 _aHeritage tourism in India
250 _aLatest edition
260 _bSaryam Publishing House
_c2023
264 _bSaryam Publishing House
_c2023
942 _cBK
999 _c394763
_d394763